书目信息 |
| 题名: |
吃得放心
|
|
| 作者: | 黄建民 , 徐安全 编著 | |
| 分册: | ||
| 出版信息: | 南京 河海大学出版社 2002 |
|
| 页数: | 143页 | |
| 开本: | 20cm | |
| 丛书名: | 久久生活丛书 | |
| 单 册: | ||
| 中图分类: | X56 | |
| 科图分类: | ||
| 主题词: | 合理营养--基本知识 , 饮食卫生--基本知识 | |
| 电子资源: | ||
| ISBN: | 7-5630-1793-3 | |
| 000 | 00952nam 2200289 45 | |
| 001 | 192004004795 | |
| 005 | 20070914094735.01 | |
| 010 | @a7-5630-1793-3@dCNY9.90 | |
| 100 | @a20070626d2002 ekmy0chiy0121 ea | |
| 101 | 0 | @achi |
| 102 | @aCN@b320000 | |
| 105 | @aa z 000yy | |
| 200 | 1 | @a吃得放心@Achi de fang xin@e饮食安全策略@f黄建民, 徐安全编著 |
| 210 | @a南京@c河海大学出版社@d2002 | |
| 215 | @a143页@c图@d20cm | |
| 225 | 2 | @a久久生活丛书@Ajiu jiu sheng huo cong shu |
| 300 | @a其他题名:饮食安全策略 | |
| 330 | @a本书主要包括四大问题,介绍了有毒食品的识别、各类事物烹饪解毒法、事物搭配禁忌、厨房防污染技巧和中毒后的权利维护等内容. | |
| 410 | 0 | @12001 @a久久生活丛书 |
| 517 | 1 | @a饮食安全策略@Ayin shi an quan ce lve |
| 606 | 0 | @a合理营养@x基本知识 |
| 606 | 0 | @a饮食卫生@x基本知识 |
| 690 | @aX56@v4 | |
| 701 | 0 | @a黄建民@Ahuang jian min@4编著 |
| 701 | 0 | @a徐安全@Axu an quan@4编著 |
| 801 | 0 | @aCN@c20070914 |
| 905 | @dX56@eH844 | |
| 吃得放心:饮食安全策略/黄建民, 徐安全编著.-南京:河海大学出版社,2002 |
| 143页:图;20cm.-(久久生活丛书) |
| 其他题名:饮食安全策略 |
| ISBN 7-5630-1793-3:CNY9.90 |
| 本书主要包括四大问题,介绍了有毒食品的识别、各类事物烹饪解毒法、事物搭配禁忌、厨房防污染技巧和中毒后的权利维护等内容. |
| ● |
| 相关链接 |
|
|
|
正题名:吃得放心
索取号:X56/H844
 
预约/预借
| 序号 | 登录号 | 条形码 | 馆藏地/架位号 | 状态 | 备注 |
| 1 | 626311 | 206263112 | 自科库501/501自科库 102排2列2层/ [索取号:X56/H844] | 在馆 | |
| 2 | 626312 | 206263121 | 自科库501/501自科库 102排2列2层/ [索取号:X56/H844] | 在馆 |